000 00810 a2200229 4500
010 _aENG-85624
020 _a0070607575
_c150.00
035 _aEN-69157
037 _bD.B.Act / Pub
082 1 4 _a658.4038
090 _c3292
_d3292
100 1 _aHasanali, Farida
245 1 _aContent management
_ba guide for your journey to knowledge management best practices
_cFarida Hasanali and Paige Leavitt
260 _aNew Delhi
_bTata McGraw-Hill Publishing
_c2004
270 _a7, West Patel Nagar
_bNew Delhi
_cDelhi
_e110008
300 _av, 91 p.
_c23 cm. (Pbk)
490 _aAPQC's passport to success series
650 0 _aContent management.
700 _aLeavitt, Paige
942 _adpl
_cEN
_k658.4038 / HAS
999 _c3228
_d3228